000 00519nam a2200193Ia 4500
003 GCL
008 140319s9999 xx 000 0 ara d
040 _aGCL /
_cGCL
082 0 4 _a813.01
_bف ش
100 1 _aفؤاد حجازى
245 1 0 _aشارع الخلا /
_cفؤاد حجازى
300 _a118 ص
490 _aكتاب
_v0
650 0 4 _aالادب العربى
650 0 4 _aالقصص العربية
650 0 4 _aالادب
650 0 4 _aالقصة العربية القصيرة
942 _2ddc
_cBK
999 _c40952
_d40952